National Anthem of Costa Rica - Himno Nacional de Costa Rica - Statistics

General Stats
  • This quiz has been taken 5 times
  • The average score is 65 of 106
Answer Stats
Lyrics % Correct
hermosa
100%
tu
100%
a
75%
azul
75%
bajo
75%
bandera
75%
cielo
75%
cielo,
75%
conquistaron
75%
da;
75%
de
75%
el
75%
En
75%
en
75%
eterno
75%
Eterno
75%
expresión
75%
gloria
75%
hijos,
75%
honor.
75%
la
75%
labor,
75%
labriegos
75%
límpido
75%
nos
75%
oh
75%
paz.
75%
paz!
75%
prestigio,
75%
pretenda
75%
pueblo,
75%
tosca
75%
tus
75%
valiente
75%
vida
75%
y
75%
alguno
50%
amor!
50%
arma
50%
blanca
50%
Cuando
50%
descansa
50%
dulce
50%
faz;
50%
fecunda
50%
gentil!
50%
herramienta
50%
hombre
50%
lucha
50%
madre
50%
manchar,
50%
pura
50%
sencillos,
50%
siempre
50%
tenaz,
50%
tierra
50%
trabajo
50%
trocar.
50%
verás
50%
viril,
50%
abrigo
25%
del
25%
enrojece
25%
estima
25%
que
25%
suelo
25%
sustento
25%
¡Noble
0%
patrial!,
0%
presitgio,
0%
pródigo
0%
¡Salve,
0%
¡vivan
0%
No matching quizzes found
Score Distribution
Percent of People with Each Score
Percentile by Number Answered
Your Score History
You have not taken this quiz